Mejor hablar de ciertas cosas [dvd] : temporada 3 :
Guardado en:
| Formato: | Libro |
|---|---|
| Publicado: |
Buenos Aires :
Canal Encuentro, s/f.
|
| Materias: | |
| Etiquetas: |
Agregar Etiqueta
Sin Etiquetas, Sea el primero en etiquetar este registro!
|
| LEADER | 01162nam a22001815a 4500 | ||
|---|---|---|---|
| 001 | CEM.cems018078 | ||
| 005 | 20130912101356.0 | ||
| 008 | 130507b######################000#0#####d | ||
| 003 | CEMS | ||
| 082 | 0 | 4 | |a DVD614 |
| 245 | 0 | 0 | |a Mejor hablar de ciertas cosas [dvd] : |b temporada 3 : |
| 260 | |a Buenos Aires : |b Canal Encuentro, s/f. | ||
| 300 | |a 1 DVD | ||
| 500 | |a Los adolescentes argentinos toman la palabra y comparten modos de ver y de vivenciar diferentes temáticas. Testimonios y experiencias -desde un lenguaje claro, directo e informativo- para encarar temas como el alcoholismo, la educación sexual, la drogadicción, la educación vial, El Vih, la obesidad, la bulimia y la anorexia, el sueño del hogar propio, el embarazo en la adolescencia, la discriminación, la deserción escolar, las nuevas formas de familia y muchos otros. Además, el análisis de distintos profesionales de la salud. Conduce Gastón Pauls.emitido por Canal Encuentro. | ||
| 505 | 0 | |a Vocación -- Primer empleo -- Adolescencia, época de cambios -- Hogar propio | |
| 653 | |a Adolescencia | ||
| 653 | |a Vocación | ||
| 859 | |a CEMS |b BIB. CEMS - Agricultura |h DVD614 |i Ar37-3 |p A0051.013 |t Ej.1 |v 1 |3 1 | ||
